15 Largest Cities in Trinidad & Tobago🇹🇹 - Statistics

General Stats
  • This quiz has been taken 50 times
  • The average score is 6 of 15
Answer Stats
Population City % Correct
49k Port of Spain
97%
55k San Fernando
62%
67k Chaguanas
59%
17k Scarborough
55%
19k Point Fortin
52%
35k Arima
48%
15k Sangre Grande
45%
17k Tunapuna
38%
12k Penal
34%
21k Laventille
24%
35k Rio Claro
24%
26k Marabella
10%
12k Arouca
7%
56k Mon Repos
3%
15k Paradise
3%
No matching quizzes found
Score Distribution
Percent of People with Each Score
Percentile by Number Answered
Your Score History
You have not taken this quiz